Déchiffrer les guerres de religion Thierry Amalou, La Sorbonne entre en guerre de religion, Autorité universitaire, censure et pouvoir royal en France (vers 1551 – vers 1589), Droz, « Travaux d’humanisme et Renaissance », 2024, 592 pages, 75 €. Denis Crouzet, Paris criminel, 1572, Les Belles Lettres, 2024, 378 pages, 25 €. Jérémie Foa, Survivre, Une autre histoire des guerres de religion, Seuil, « L’univers historique », 2024, 352 pages, 23 €. (notice n° 1644826)
[ vue normale ]
| 000 -LEADER | |
|---|---|
| fixed length control field | 01090cam a2200157 4500500 |
| 005 - DATE AND TIME OF LATEST TRANSACTION | |
| control field | 20260208001412.0 |
| 041 ## - LANGUAGE CODE | |
| Language code of text/sound track or separate title | fre |
| 042 ## - AUTHENTICATION CODE | |
| Authentication code | dc |
| 100 10 - MAIN ENTRY--PERSONAL NAME | |
| Personal name | Goldman, Oury |
| Relator term | author |
| 245 00 - TITLE STATEMENT | |
| Title | Déchiffrer les guerres de religion Thierry Amalou, La Sorbonne entre en guerre de religion, Autorité universitaire, censure et pouvoir royal en France (vers 1551 – vers 1589), Droz, « Travaux d’humanisme et Renaissance », 2024, 592 pages, 75 €. Denis Crouzet, Paris criminel, 1572, Les Belles Lettres, 2024, 378 pages, 25 €. Jérémie Foa, Survivre, Une autre histoire des guerres de religion, Seuil, « L’univers historique », 2024, 352 pages, 23 €. |
| 260 ## - PUBLICATION, DISTRIBUTION, ETC. | |
| Date of publication, distribution, etc. | 2026.<br/> |
| 500 ## - GENERAL NOTE | |
| General note | 55 |
| 520 ## - SUMMARY, ETC. | |
| Summary, etc. | Eva Jospin nous convie à un voyage vers l’universel dans l’art : l’exploration fascinante de ses grottes présentées au Grand Palais invite à la recherche des convergences humaines. |
| 786 0# - DATA SOURCE ENTRY | |
| Note | Études | 4334 | 2 | 2026-01-26 | p. 119-120 | 0014-1941 |
| 856 41 - ELECTRONIC LOCATION AND ACCESS | |
| Uniform Resource Identifier | <a href="https://shs.cairn.info/revue-etudes-2026-2-page-119?lang=fr&redirect-ssocas=7080">https://shs.cairn.info/revue-etudes-2026-2-page-119?lang=fr&redirect-ssocas=7080</a> |
Pas d'exemplaire disponible.




Réseaux sociaux